How to Live on 24 Hours a Day/ (Record no. 214161)
[ view plain ]
| 000 -LEADER | |
|---|---|
| fixed length control field | 00535nam a22001817a 4500 |
| 005 - DATE AND TIME OF LATEST TRANSACTION | |
| control field | 20260115144141.0 |
| 010 ## - LCCN (DPL NO) | |
| LC control number | ENG-147423 |
| 020 ## - INTERNATIONAL STANDARD BOOK NUMBER | |
| International Standard Book Number | 9789355468420 |
| Terms of availability | 95.00 |
| 035 ## - SYSTEM CONTROL NUMBER | |
| System control number | EN-130955 |
| 037 ## - SOURCE OF ACQUISITION | |
| Source of stock number/acquisition | DBAD |
| 082 ## - DEWEY DECIMAL CLASSIFICATION NUMBER | |
| Classification number | 304.23 |
| 100 ## - MAIN ENTRY--PERSONAL NAME | |
| Personal name | Bennett, Arnold |
| 245 ## - TITLE STATEMENT | |
| Title | How to Live on 24 Hours a Day/ |
| Statement of responsibility, etc | Arnold Bennett |
| 260 ## - PUBLICATION, DISTRIBUTION, ETC. (IMPRINT) | |
| Place of publication, distribution, etc | Delhi |
| Name of publisher, distributor, etc | Pharos Books |
| Date of publication, distribution, etc | 2025 |
| 270 ## - ADDRESS | |
| Address | Plot No.-55, Main Mother Dairy Road, Pandav Nagar, |
| City | Delhi |
| Postal code | 110092 |
| 300 ## - PHYSICAL DESCRIPTION | |
| Extent | 48p. |
| Dimensions | 21cm(pb) |
| 942 ## - ADDED ENTRY ELEMENTS (KOHA) | |
| Source of classification or shelving scheme | Dewey Decimal Classification |
| Item type | English Books |
| Classification part | 304.23 |
| Call number suffix | BEN |
| Withdrawn status | Lost status | Not for loan | Collection code | Home library | Current library | Date acquired | Source of acquisition | Cost, normal purchase price | Full call number | Barcode | Copy number | Cost, replacement price | Koha item type |
|---|---|---|---|---|---|---|---|---|---|---|---|---|---|
| Non-fiction | Patel Nagar | Patel Nagar | 15/01/2026 | Delivery of Books Act Division | 95.00 | 304.23 BEN | EN-130955 | 1 | 95.00 | English Books |
